000 00761nam a2200229Ia 4500
003 GCL
008 140319s9999 xx 000 0 ara d
040 _aGCL /
_cGCL
082 0 4 _a953.02
_bا س
100 1 _aاكرم، أ.ى
245 1 0 _aسيف الله خالد بن الوليد : دراسة عسكرية تاريخية عن معاركة وحياتة /
_cاكرم، أ.ى
700 1 _aصبحى الجابى (ترجمة)
300 _a536 ص
490 _a
650 0 4 _aالفتوحات الاسلامية
650 0 4 _aالتاريخ الاسلامى
650 0 4 _aالاسلام - تراجم
650 0 4 _aالغزوات الاسلامية
650 0 4 _aخالد بن الوليد
650 0 4 _aمعركة اليرموك
942 _2ddc
_cBK
999 _c39158
_d39158